000
00287nam a2200121Ia 4500
003
LDD
040
_c
LDD
082
_a
796 As78H
245
0
_a
Handbook of rules and regulations for inter- university tournaments
260
_a
New Delhi
_b
A.I.U.
_c
1984
300
_a
xi,169p.
942
_2
ddc
_c
G
999
_c
7544
_d
7544